All Countries by Majority Religion - Statistics

General Stats
  • This quiz has been taken 152 times
  • The average score is 126 of 196
Answer Stats
Hint Answer % Correct
Panama Christianity
79%
Dominica Christianity
79%
Hungary Christianity
78%
Grenada Christianity
78%
Nicaragua Christianity
77%
United States Christianity
77%
Spain Christianity
77%
Chile Christianity
77%
Russia Christianity
77%
San Marino Christianity
77%
Venezuela Christianity
77%
Costa Rica Christianity
77%
Finland Christianity
77%
Croatia Christianity
77%
Portugal Christianity
77%
Guatemala Christianity
77%
Slovakia Christianity
76%
United Kingdom Christianity
76%
Colombia Christianity
76%
Canada Christianity
76%
Ukraine Christianity
76%
Paraguay Christianity
76%
Ireland Christianity
76%
Honduras Christianity
76%
Belize Christianity
76%
Barbados Christianity
76%
Belgium Christianity
76%
Saint Vincent and the Grenadines Christianity
76%
Argentina Christianity
76%
Saint Lucia Christianity
75%
Slovenia Christianity
75%
Vatican City Christianity
75%
Mexico Christianity
75%
Bolivia Christianity
75%
Poland Christianity
75%
Italy Christianity
75%
Brazil Christianity
75%
Serbia Christianity
74%
Romania Christianity
74%
Saint Kitts and Nevis Christianity
74%
Moldova Christianity
74%
Peru Christianity
74%
Bahamas Christianity
74%
Haiti Christianity
74%
Andorra Christianity
74%
Luxembourg Christianity
74%
Antigua and Barbuda Christianity
74%
El Salvador Christianity
74%
Greece Christianity
73%
South Africa Christianity
73%
Australia Christianity
73%
Sweden Christianity
73%
Uruguay Christianity
73%
Dominican Republic Christianity
73%
Botswana Christianity
73%
Malta Christianity
73%
North Macedonia Christianity
73%
Liechtenstein Christianity
73%
Belarus Christianity
73%
Saudi Arabia Islam
73%
Namibia Christianity
72%
Jamaica Christianity
72%
Germany Christianity
72%
Ecuador Christianity
72%
Cyprus Christianity
72%
Monaco Christianity
72%
Trinidad and Tobago Christianity
72%
Zimbabwe Christianity
72%
Solomon Islands Christianity
71%
Austria Christianity
71%
Bulgaria Christianity
71%
Marshall Islands Christianity
71%
Sao Tome and Principe Christianity
71%
Georgia Christianity
71%
Lithuania Christianity
71%
Uganda Christianity
71%
Tuvalu Christianity
71%
Micronesia Christianity
71%
Gabon Christianity
71%
France Christianity
71%
Samoa Christianity
71%
Oman Islam
71%
Israel Judaism
71%
Montenegro Christianity
70%
Zambia Christianity
70%
Togo Christianity
70%
Norway Christianity
70%
Philippines Christianity
70%
Kenya Christianity
70%
Kiribati Christianity
70%
Rwanda Christianity
70%
Liberia Christianity
70%
Jordan Islam
70%
Yemen Islam
70%
Morocco Islam
70%
Denmark Christianity
69%
Latvia Christianity
69%
Iceland Christianity
69%
Ethiopia Christianity
69%
Palau Christianity
69%
Switzerland Christianity
69%
Cabo Verde Christianity
69%
Qatar Islam
69%
Turkey Islam
69%
Iraq Islam
69%
Lesotho Christianity
68%
Equatorial Guinea Christianity
68%
Republic of the Congo Christianity
68%
Pakistan Islam
68%
Iran Islam
68%
Tajikistan Islam
68%
Turkmenistan Islam
68%
Indonesia Islam
68%
Syria Islam
68%
Cuba Christianity
67%
Tanzania Christianity
67%
Angola Christianity
67%
Democratic Republic of the Congo Christianity
67%
Ghana Christianity
67%
Sudan Islam
67%
Egypt Islam
67%
Kuwait Islam
67%
Cameroon Christianity
66%
Eswatini Christianity
66%
Suriname Christianity
66%
Armenia Christianity
66%
India Hinduism
66%
United Arab Emirates Islam
66%
Lebanon Islam
66%
Tunisia Islam
66%
Bahrain Islam
66%
Libya Islam
66%
Azerbaijan Islam
66%
Vanuatu Christianity
65%
Nauru Christianity
65%
Algeria Islam
65%
Afghanistan Islam
65%
Mozambique Christianity
64%
Guyana Christianity
64%
Tonga Christianity
64%
East Timor Christianity
64%
Uzbekistan Islam
64%
Malawi Christianity
63%
North Korea Irreligion
63%
Bangladesh Islam
63%
Fiji Christianity
62%
Seychelles Christianity
62%
Kyrgyzstan Islam
62%
Mauritania Islam
62%
Somalia Islam
62%
Burundi Christianity
61%
Kazakhstan Islam
61%
Thailand Buddhism
60%
Malaysia Islam
60%
Kosovo Islam
59%
Maldives Islam
59%
Nigeria Christianity
58%
Central African Republic Christianity
58%
South Sudan Christianity
58%
Albania Islam
58%
Mali Islam
58%
Niger Islam
58%
Brunei Islam
57%
Chad Islam
56%
Cambodia Buddhism
55%
Madagascar Christianity
55%
Laos Buddhism
54%
Djibouti Islam
53%
Myanmar Buddhism
51%
Nepal Hinduism
49%
Senegal Islam
49%
China Irreligion
48%
Bosnia and Herzegovina Islam
48%
Bhutan Buddhism
47%
Benin Christianity
47%
Burkina Faso Islam
46%
Comoros Islam
45%
Papua New Guinea Christianity
44%
Mongolia Buddhism
38%
Eritrea Christianity
38%
South Korea Irreligion
33%
Gambia Islam
33%
Guinea Islam
29%
Sri Lanka Buddhism
28%
Singapore Buddhism
26%
Japan Irreligion
24%
Guinea-Bissau Islam
24%
Sierra Leone Islam
24%
Mauritius Hinduism
21%
Czechia Irreligion
20%
Ivory Coast Islam
15%
Estonia Irreligion
14%
Taiwan Folk/Indigenous
11%
Vietnam Folk/Indigenous
10%
Netherlands Irreligion
8%
New Zealand Irreligion
7%
No matching quizzes found
Score Distribution
Percent of People with Each Score
Percentile by Number Answered
Your Score History
You have not taken this quiz